000 01327nam0a2200325 4500
001 RU\NLR\bibl\462084
005 20250623184239.0
010 _a5-94259-081-8
_9500
035 _a(NLR Aleph) 000455518
090 _a900986
_c900986
100 _a20031119d2003 |||y0rusy50 ca
101 0 _arus
102 _aRU
105 _ay |||||||||
200 1 _aСмена базисных парадигм : коммуникативный подход
_fНугаев Р.М.
_gАкад. наук Респ. Татарстан, Ин-т соц.-экон. и правовых наук. Отд. философии
210 _aКазань
_cДом печати
_d2003
215 _a300 с.
_d20
300 _aНа обороте тит. л. авт.: д.филос.н., проф. Нугаев Р.М.
316 _aС автогр. авт.
_5NLR
316 _aавтограф
_5NLR:2003-3/27579
320 _aБиблиогр.: с. 278-300 и в подстроч. примеч.
606 0 _aНаучная революция
_91711703
_3RU\NLR\auth\66762968
686 _aЮ251.1
700 1 _aНугаев
_bР. М.
_gРинат Магдиевич
_4070
801 0 _aRU
_bNLR
_c20031119
_gPSBO
801 1 _aRU
_bNLR
_c20031119
830 _aАвт. по кн.
942 _cBOOK
980 _aNB